| 000 | 00520pab a2200193 454500 | ||
|---|---|---|---|
| 008 | 180718b2003 xxu||||| |||| 00| 0 eng d | ||
| 100 | _aChang, Chin-oh | ||
| 245 | _aEconomic and social status in household decision-making: evidence relating to extended family mobility | ||
| 260 | _c2003 | ||
| 300 | _ap.733-46. | ||
| 362 | _aApr | ||
| 650 | _aHouseholds | ||
| 650 | _aFamily | ||
| 650 | _aDecision making | ||
| 700 | _aSomerville, Tsur | ||
| 700 | _aChen Shu-Mei | ||
| 773 | _aUrban Studies | ||
| 909 | _a56904 | ||
| 999 |
_c56904 _d56904 |
||